LEADER 00704nam0-22002651i-450- 001 990003946060403321 035 $a000394606 035 $aFED01000394606 035 $a(Aleph)000394606FED01 035 $a000394606 100 $a20030313d1969----km-y0itay50------ba 101 0 $ausa 102 $aUS 200 1 $aReading in microeconomics 205 $aJhon Wiley & Sons 210 $aNew York 215 $a607 p.$ccon grafici$d23 cm 700 1$aKamerschen,$bDavid R.$0122197 801 0$aIT$bUNINA$gRICA$2UNIMARC 901 $aBK 912 $a990003946060403321 952 $aD01.3$b$b$b$b$b$b$b$b$b$b$b1631$fDECTS 959 $aDECTS 996 $aReading in microeconomics$9511060 997 $aUNINA LEADER 01949oam 2200541 450 001 9910711307403321 005 20180922112019.0 035 $a(CKB)5470000002482962 035 $a(OCoLC)961272318 035 $a(OCoLC)995470000002482962 035 $a(EXLCZ)995470000002482962 100 $a20161027d1925 ua 0 101 0 $aeng 135 $aurn|||||||||| 181 $ctxt$2rdacontent 182 $cc$2rdamedia 183 $acr$2rdacarrier 200 10$aSurface water supply of the United States, 1921$hPart 12$iNorth Pacific slope drainage basins$hC$ilower Columbia River Basin and Pacific slope drainage basins in Oregon /$fby Nathan C. Grover, F.F. Henshaw and G.L. Parker 210 1$aWashington, D.C. :$cUnited States Department of the Interior, Geological Survey,$d1925. 210 2$aWashington, D.C. :$cUnited States Government Printing Office. 215 $a1 online resource (v, 171 pages) $cillustrations 225 1 $aWater-supply paper ;$vno. 534 300 $aPrepared in cooperation with the states of Oregon and Washington. 320 $aIncludes index. 606 $aWater quality$zColumbia River Watershed 606 $aWater quality$zOregon 606 $aWater quality$2fast 606 $aWater-supply$2fast 607 $aOregon$2fast 607 $aUnited States$zColumbia River Watershed$2fast 615 0$aWater quality 615 0$aWater quality 615 7$aWater quality. 615 7$aWater-supply. 700 $aGrover$b Nathan Clifford$f1868-1956,$01385993 702 $aHenshaw$b Fred F$g(Fred Forbes),$f1884-1933, 702 $aParker$b Glenn L$g(Glenn Lane),$f1884- 712 02$aGeological Survey (U.S.), 801 0$bCOP 801 1$bCOP 801 2$bOCLCO 801 2$bOCLCF 801 2$bOCLCA 801 2$bGPO 906 $aBOOK 912 $a9910711307403321 996 $aSurface water supply of the United States, 1921$93437441 997 $aUNINA LEADER 01294nam0 22003133i 450 001 MIL0121148 005 20251003044224.0 010 $a0471540358 100 $a20090326d1992 ||||0itac50 ba 101 | $aeng 102 $aus 181 1$6z01$ai $bxxxe 182 1$6z01$an 200 1 $aStatistical methods for testing, development, and manufacturing$fForrest W. Breyfogle 210 $aNew York [etc.]$cWiley$d[1992] 215 $aXXIV, 516 p.$d25 cm. 606 $aAffidabilitą $2FIR$3CFIC009866$9I 606 $aProdotti industriali$xControllo di qualitą$xMetodi statistici$2FIR$3CFIC048780$9I 676 $a658.5$9GESTIONE GENERALE. GESTIONE DELLA PRODUZIONE$v14 676 $a658.562015195$9CONTROLLO DEI PRODOTTI. CONTROLLO DI QUALITA. Metodi statistici$v22 700 1$aBreyfogle$b, Forrest W.$3MILV084955$4070$0140082 801 3$aIT$bIT-000000$c20090326 850 $aIT-BN0095 901 $bNAP 01$cSALA DING $n$ 912 $aMIL0121148 950 0$aBiblioteca Centralizzata di Ateneo$b1 v.$c1 v.$d 01SALA DING 658.5 BRE.st$e 0102 0000040365 VMA A4 1 v.$fY $h20020313$i20020313 977 $a 01 996 $aStatistical methods for testing, development, and manufacturing$91572112 997 $aUNISANNIO